| 000 | 01512nam a2200325 i 4500 | ||
|---|---|---|---|
| 001 | 185379 | ||
| 003 | SpMaBN | ||
| 005 | 20251215175805.0 | ||
| 007 | t| | ||
| 008 | 160526s1991 sp af c |||| | spa d | ||
| 020 | _a84-7599-097-5 | ||
| 080 | _a75.036(460)(0:860-14)(064.3) | ||
| 080 | _a7:82(083.824) | ||
| 245 | 0 | 0 |
_aPoemas y pintura / _cOctavio Paz, Antoni Tàpies, Luis Gordillo, Jorge Guillén, José Guerrero, Rafael Alberti, José Miguel Ullán, José Hernández, Federico García Lorca, Eduardo Naranjo ; [proyecto, Manuel Sánchez Monllor]. |
| 260 |
_a[Madrid] : _bReal Academia de Bellas Artes de San Fernando, Calcografía Nacional ; _a[Alicante] : _bCaja de Ahorros del Mediterráneo, _c[1991] |
||
| 300 |
_a[14] p., [1] p. pleg. de lám. col., [1] h. de lám. col. : _bil. col. ; _c30 cm. |
||
| 600 | 1 | 4 |
_aTàpies, Antoni- _vExposiciones. _9109253 |
| 600 | 1 | 4 |
_aGordillo, Luis- _vExposiciones. _959142 |
| 600 | 1 | 7 |
_aGuerrero, José, _d1914-1991- _vExposiciones _2 _9159663 |
| 600 | 0 | 4 |
_aAlberti, Rafael, _d1902-1999- _vExposiciones _919347 |
| 600 | 1 | 7 |
_aHernández, José, _d1944-2013- _vExposiciones _2 _9159664 |
| 600 | 1 | 7 |
_aNaranjo, Eduardo, _d1944- _vExposiciones _2 _9159665 |
| 650 | 4 |
_aPintura española- _yS.XX- _vExposiciones. _916043 |
|
| 650 | 0 | 4 |
_aArte y literatura- _yS.XX. _910335 |
| 655 | 7 |
_2tgfbne _9193628 _aCatálogos de exposiciones |
|
| 710 | 2 |
_aCalcografía Nacional (España) _92350 |
|
| 852 |
_aES-MaACL _j2330-F-14 |
||
| 942 | _2udc | ||
| 999 |
_c185379 _d185379 |
||